000 01069nam a2200241 a 4500
001 BRCA_4503
005 20190320204708.0
008 220910s2010----mx-a######---#000-0#spa-#
020 _a9786079016036
041 _aspa
044 _amx
050 4 _aND259.O7
_b.J76 2010
245 1 0 _aJosé Clemente Orozco
_bpintura y verdad.
260 _aMéxico
_bInstituto Nacional de Bellas Artes y Literatura : Instituto Culturas Cabañas
_c2010
300 _a603 p.
_bil. (algunas a color)
_c33 cm.
500 _aIncluye cronología sobre la vida de José Clemente Orozco
500 _aCatálogo de la exposición realizada en el Instituto Cultural Cabañas (Guadalajara, Jalisco, México), marzo - agosto, 2010 y en el Antiguo Colegio de San Ildelfonso (Ciudad de México), octubre, 2010 - enero, 2011
500 _aIncluye piezas de la colección Franz Mayer: p. 118 y 120
546 _aTexto en español e inglés
600 1 4 _aOrozco, José Clemente
_d1883-1949
_vCatálogos
_910830
650 1 4 _aArte mexicano
_vCatálogos
_ySiglo XX
_zMéxico
_911405
942 _2lcc
_cB
999 _c4209
_d4209